Nombra los 5 dedos - Estadísticas

Estadísticas generales
  • Esta prueba ha sido intentada 104 veces
  • La puntuación promedio es 5 de 5
Estadísticas de respuestas
Nombre % Correcto
Índice
97%
Pulgar
97%
Meñique
96%
Anular
89%
Medio | Corazón
88%
No se encontraron pruebas coincidentes
Distribución de puntuación
Porcentaje de gente con cada puntuación
Porcentaje por número respondido
Historial de tus puntuaciones
No has intentado esta prueba.